00778nam a2200193 a 450000100100000000500170001000800410002702000150006804000250008308200150010810000230012324500510014626000470019730000200024450000420026459000750030695201860038199900170056700003526520200930074221.0111027s1989 is 000 0 spa d a9653050680 aDO-SdBNPbspacBNPHU axxxxbxxxx1 aLiba, Moshe96102310aEscritos en congresos :bpoemas /cMoshe Liba. aIsrael, :bLa semana publicaciones,c1989. a64 p. ;c21 cm. aIncluye notas al pie de las páginas aPerteneció a la biblioteca personal de Juan Isidro Jimenes Grullón 001050718MOaGRbGRcHDd2011-10-27iLF1l0oxxxx xxxxp35265-10r2020-06-25w2020-06-25y1zPerteneció a la biblioteca personal de Juan Isidro Jimenes Grullón.ZNo se presta c34756d34756